[Event "Veliko Gradiste Silver Lake op"]
[Site "Veliko Gradiste"]
[Date "2019.06.18"]
[Round "4"]
[White "Zakhartsov, Viacheslav V"]
[Black "Yu, Jennifer R"]
[Result "1-0"]
[WhiteElo "2518"]
[BlackElo "2369"]
[Annotator "Zakhartsov,Vi"]
[PlyCount "105"]
[EventDate "2019.06.16"]
[EventType "swiss"]
[EventRounds "9"]
[EventCountry "SRB"]
[SourceTitle "CBM 191 Extra"]
[Source "ChessBase"]
[SourceDate "2019.09.30"]
[SourceVersion "1"]
[SourceVersionDate "2019.09.30"]
[SourceQuality "1"]

{[%evp 0,105,28,22,27,-8,44,20,32,11,9,10,20,-33,-15,-37,51,-44,3,3,12,26,122,
17,43,38,38,41,41,33,66,63,46,63,71,66,86,66,144,77,52,52,89,85,58,50,50,49,49,
57,45,-16,44,44,31,-21,71,-160,-61,-54,-17,-38,-8,32,54,87,260,54,96,170,178,
237,248,193,187,247,247,247,247,250,250,250,250,207,264,151,213,102,175,102,
162,149,152,98,125,112,193,178,653,662,681,681,681,657,951,1059,1052,1112]} 1.
d4 d5 2. c4 c6 3. Nf3 Nf6 4. Nc3 dxc4 5. a4 Bf5 6. Ne5 Nbd7 7. Nxc4 Qc7 8. g3
e5 9. dxe5 Nxe5 10. Bf4 Nfd7 11. Bg2 g5 ({In the recent USA women Championship,
which Jennifer confidently won, she played} 11... f6 12. O-O Rd8 13. Qc1 Be6 {
(Wang - Yu, Zatonskih - Yu, Saint Louis 2019)}) 12. Ne3 gxf4 13. Nxf5 O-O-O 14.
Qc2 Nc5 15. O-O fxg3 16. hxg3 a5 17. Rfd1 h5 18. e3 $5 {With the idea to put
the rook on d4, from where it would control h4.} Ng6 ({In other games} 18...
Kb8 19. Rd4 Ne6 20. Rxd8+ Qxd8 21. Rd1 Qc7 {has been tested.} (21... Qf6)) 19.
Rd4 h4 (19... Rxd4 20. exd4 Ne6 21. d5 cxd5 22. Qb3) 20. Nxh4 Nxh4 21. Rxh4
Rxh4 22. gxh4 Qe5 23. Rd1 Bd6 24. Kf1 Rh8 25. Ne2 Rxh4 26. Nd4 Rh8 (26... Rh5
27. Qc4 Rh8 28. b4 axb4 29. a5 Na6 30. Nxc6 Qc5 {(Tomashevsky - Shimanov,
Russia 2014)} 31. Na7+ Kb8 32. Qe4 Qxa7 33. Rxd6 $18) 27. Qc4 Qf6 28. b4 {
Playing by analogy.} ({Meanwhile,} 28. Qc3 $1 {posed big problems because
there is no way to protect the a5-pawn:} Nxa4 (28... Bg3 29. Rd2) 29. Qxa5 Nc5
30. b4 Nd7 31. Qa8+ Nb8 32. b5) 28... axb4 29. a5 Rh4 30. a6 bxa6 (30... Nxa6
31. Bxc6 Nc7 {looked suspicious, but, strangely enough, allowed to hold:} 32.
Bg2 (32. Bxb7+ {?} Kxb7 33. Qc6+ Kb8 34. Qb6+ Kc8) 32... Kb8 33. Nc6+ Kc8 34.
Nd4 Kb8) 31. Qxb4 {Out of general considerations I left Black with numerous
pawn islands which should fall, although play now becomes very concrete.} ({
The computer approves} 31. Bxc6 b3 32. Bg2 {, and the white queen is ready to
penetrate via d5}) 31... Ne4 32. Qb2 (32. Qe1 {??} Bb4) 32... Ng3+ {In my
calculations I considered mainly this move.} ({However, after less forced} 
32... Be5 {White has no decisive threats:} 33. Rb1 (33. Bxe4 Rxe4 34. Rb1 Kd8
35. Qb6+ Ke8) 33... Nc5 34. Qb6 Qg6 35. Qxc6+ Qxc6 36. Nxc6 Bd6 {, and this
should be a draw.}) 33. Kg1 {I calculated the following variations and
considered that this was enough for win.} (33. Ke1 {! was stronger:} a5 34. Rc1
{!} Bb4+ 35. Kd1 Rxd4+ (35... c5 36. Rxc5+ Bxc5 37. Qb7+ Kd8 38. Nc6+) 36. Qxd4
Qxd4+ 37. exd4 {with a winning endgame.}) 33... Nf5 (33... Qh6 34. fxg3 Qxe3+
35. Qf2 Qxg3 (35... Qxf2+ 36. Kxf2 Rxd4 37. Rxd4 Bc5 38. Ke3) 36. Qf5+ Kc7 37.
Qxf7+ {, and White mates first}) 34. Bxc6 Bh2+ 35. Kg2 Qg7+ 36. Kf1 Qg1+ 37.
Ke2 Nxd4+ 38. Rxd4 {!} (38. exd4 {?} Qg4+ 39. Bf3 Qd7) 38... Rxd4 39. Qxd4 {
Despite the simplifications, White must win. Black's king is exposed and the
f7-pawn should fall.} Kc7 40. Qd7+ Kb6 41. Be4 Qg5 (41... Qc1 42. Qb7+ Ka5 43.
Bd3 Bc7 44. Qxa6+ Kb4 45. Qf6) 42. Qxf7 {Simply grabbing the pawn, but
allowing Black to protect his king.} (42. Qc6+ {was stronger:} Ka5 43. Bd3 Qg4+
44. f3 Qg2+ 45. Kd1 Qg5 46. Kc2 {with decisive threats to the black king})
42... Qb5+ 43. Kf3 Bc7 44. Qe6+ Ka7 45. Bd5 ({During the game I was not sure
that the ending without queens with opposite-coloured bishops would be winning,
and rightly:} 45. Qd5 $2 Qxd5 46. Bxd5 Kb6 47. Ke4 Kc5 48. f4 a5 49. Ba2 a4 50.
Kf5 (50. f5 Kd6 51. f6 Bb6 52. Kf4 a3 53. e4 Bd4) 50... Ba5 51. e4 Kd4 $1 {
(behind the pawns)} 52. e5 Ke3 53. e6 Bb4 54. Ke5 Bc3+ 55. Kf5 Bb4 {and a draw.
}) (45. Qc8 Qb8 46. Qd7 Qd8) 45... Qf1 46. Bc4 Qd1+ 47. Kg2 Qa1 (47... Qd6 $1 {
and White should avoid the queen exchange, otherwise it would be a draw:} 48.
f4 (48. Qxd6 Bxd6 49. f4 a5 50. Kf3 Kb6) 48... Qxe6 49. Bxe6 Kb6 50. Kf3 Kc5
51. Ke4 a5 52. Kf5 a4 53. Ba2 Ba5 54. e4 Kd4 55. e5 Ke3 56. e6 Bb4 {as in the
previous note.}) 48. f4 Bb6 {The last mistake in severe time-trouble.} 49. Qe7+
Kb8 50. Bd5 Qb2+ 51. Kf3 Kc8 52. Qb7+ Kd8 53. Bc6 1-0